Normal view MARC view

Entry Nombre personal

Number of records used in: 1

001 - NÚMERO DE CONTROL

  • campo de control: 1013

003 - IDENTIFICADOR DE NÚMERO DE CONTROL

  • campo de control: AR-BaBN

005 - FECHA Y HORA DE LA ÚLTIMA TRANSACCIÓN

  • campo de control: 20260406084649.0

008 - ELEMENTOS DE DATO DE LONGITUD-FIJA

  • campo de control de longitud fija: 180921nn acznnaabn a aaa

016 7# - NÚMERO DE CONTROL DE UNA AGENCIA BIBLIOGRÁFICA NACIONAL

  • Número de control del registro: 000053535
  • Fuente: AR-BaBN

024 7# - IDENTIFICADOR DE OTROS ESTÁNDARES

  • Número estándar o código: 69012806
  • Fuente: viaf
  • URI de un objeto del mundo real: http://viaf.org/viaf/69012806

024 7# - IDENTIFICADOR DE OTROS ESTÁNDARES

  • Número estándar o código: 0000000029711333
  • Fuente: isni
  • URI de un objeto del mundo real: https://isni.org/isni/0000000029711333

040 ## - FUENTE DE CATALOGACIÓN

  • Centro catalogador/agencia de origen: AR-BaBN
  • Lengua de catalogación: spa
  • Centro/agencia transcriptor: AR-BaBN
  • Normas de descripción: aacr

043 ## - CÓDIGO DE ÁREA GEOGRÁFICA

  • Código de área geográfica: s-ag---

046 ## - FECHAS CON CODIFICACIÓN ESPECIAL

  • Fecha de nacimiento: 1942
  • Fuente del esquema de fecha: edtf

075 ## - TIPO DE ENTIDAD

  • Término tipo de entidad: persona
  • Fuente: rda

100 1# - ENCABEZAMIENTO-NOMBRE DE PERSONA

  • Nombre de persona: Sinay Millonschik, Cecilia,
  • Fechas asociadas al nombre: 1942-

370 ## - LUGAR ASOCIADO

  • País asociado: Argentina

372 ## - CAMPO DE ACTIVIDAD

  • Campo de actividad: Psicoanálisis
  • Campo de actividad: Educación
  • Campo de actividad: Literatura

373 ## - GRUPO ASOCIADO

  • Grupo asociado: Asociación Argentina de Psicología y Psicoterapia de grupo

374 ## - OCUPACIÓN

  • Ocupación: Psicoanalistas
  • Ocupación: Profesores universitarios
  • Ocupación: Escritores

375 ## - GÉNERO/SEXO

  • Género: Mujer

377 ## - IDIOMA ASOCIADO

  • Código del idioma: spa
  • Término de lengua/lenguaje: español

670 ## - FUENTE DE DATOS ENCONTRADOS

  • Cita de la fuente: El psicoanálisis, esa conjetura : el humano suplicio de interpretar, 1993:
  • Información encontrada: port. (Cecilia Sinay Millonschik)

670 ## - FUENTE DE DATOS ENCONTRADOS

  • Cita de la fuente: Jóvenes en los '90 : la imaginación lejos del poder, 1993:
  • Información encontrada: (Cecilia Sinay Millonschik, Argentina, n. en 1942; médico psicoanalista; docente (UBA), escritora; miembro de la Asociación Argentina de Psicología y Psicoterapia de grupo)